000 00550nam a2200205 4500
001 113041
003 ES-MaACL
005 20230906185732.0
007 t|
008 061121s1985 sp r ||||1| spa d
100 1 _aNúñez, Felipe.
_986150
245 1 0 _aNombres o cifras /
_cFelipe Núñez.
250 _a1ª ed.
260 _a[S. l.] :
_bEd. Regional de Extremadura,
_c1985.
300 _a48 p. ;
_c21 cm.
490 1 _aPoesía ;
_v5
830 0 _aPoesía ;
_v5
_9177794
852 _aES-MaACL
_j2134-F-18
_bR.108736
999 _c113041
_d113041